Slaven der convooien; (Record no. 2543)

MARC details
000 -LEADER
fixed length control field 00690cam a22002171 4500
001 - CONTROL NUMBER
control field af 47004216
003 - CONTROL NUMBER IDENTIFIER
control field DLC
005 - DATE AND TIME OF LATEST TRANSACTION
control field 20260227110824.0
008 - FIXED-LENGTH DATA ELEMENTS--GENERAL INFORMATION
fixed length control field 071204s1942 ne 000 0 dut
010 ## - LIBRARY OF CONGRESS CONTROL NUMBER
LC control number af 47004216
040 ## - CATALOGING SOURCE
Original cataloging agency DLC
Transcribing agency DLC
Modifying agency DLC
050 00 - LIBRARY OF CONGRESS CALL NUMBER
Classification number D771
Item number .J813
100 1# - MAIN ENTRY--PERSONAL NAME
Personal name Jung, Hermann,
Dates associated with a name 1901-
240 10 - UNIFORM TITLE
Uniform title Sklaven der convoys
Language of a work Dutch
245 10 - TITLE STATEMENT
Title Slaven der convooien;
Remainder of title de lotgevallen van den franschen matroos Jean Perret,
Statement of responsibility, etc. door Hermann Jung.
260 ## - PUBLICATION, DISTRIBUTION, ETC.
Place of publication, distribution, etc. Amsterdam,
Name of publisher, distributor, etc. Uitgeverij Westland
Date of publication, distribution, etc. [1942]
300 ## - PHYSICAL DESCRIPTION
Extent 160 p.
Dimensions 22 cm.
650 #0 - SUBJECT ADDED ENTRY--TOPICAL TERM
Topical term or geographic name entry element World War, 1939-1945
Form subdivision Personal narratives, Dutch.
650 #0 - SUBJECT ADDED ENTRY--TOPICAL TERM
Topical term or geographic name entry element World War, 1939-1945
General subdivision Naval operations.
650 #0 - SUBJECT ADDED ENTRY--TOPICAL TERM
Topical term or geographic name entry element Convoy.

No items available.

Powered by Koha